LEADER 00900nam0-22003371i-450- 001 990003083320403321 035 $a000308332 035 $aFED01000308332 035 $a(Aleph)000308332FED01 035 $a000308332 100 $a20000920d1964----km-y0itay50------ba 101 0 $aFRE 102 $aIT 200 1 $a<>France dans le monde actuel$fpar Louis Dollot. 205 $a2e ed.. 210 $aParis$cPresses universitaires de France$d1964. 215 $a125 p.$d18 cm 225 1 $aQue sais-je?$v876 610 0 $aFrancia$aCiviltà 610 0 $aRelazioni internazionali$aFrancia 676 $a13120 676 $a19800 702 1$aDollot,$bLouis 801 0$aIT$bUNINA$gRICA$2UNIMARC 901 $aBK 912 $a990003083320403321 952 $a13120 DOL$b029796$fSES 959 $aSES 996 $aFrance dans le monde actuel$9460650 997 $aUNINA DB $aING01 LEADER 00892nam0-22002651i-450 001 990007890810403321 005 20180509113551.0 035 $a000789081 035 $aFED01000789081 035 $a(Aleph)000789081FED01 035 $a000789081 100 $a20040527d1915----km-y0itay50------ba 101 0 $aita 200 1 $aPer una particolare applicazione del processo di depurazione biologica artificiale per le acque di fogna$fGiuseppe Campanella 210 $aNapoli$cTip. Napolet. Ricciardi$d1915 215 $a86 p.$d25 cm 610 0 $aCostruzioni idrauliche 700 1$aCampanella,$bGiuseppe$02205 801 0$aIT$bUNINA$gRICA$2UNIMARC 901 $aBK 912 $a990007890810403321 952 $a15 ID J/2-28$fDINID 959 $aDINID 996 $aPer una particolare applicazione del processo di depurazione biologica artificiale per le acque di fogna$9668172 997 $aUNINA